Punjab Congress Samajvadi Party ke Prem Bashin ka yogdan (Record no. 88116)

MARC details
000 -LEADER
fixed length control field 00328nam a2200133Ia 4500
008 - FIXED-LENGTH DATA ELEMENTS--GENERAL INFORMATION
fixed length control field 230917s9999||||xx |||||||||||||| ||und||
040 ## - CATALOGING SOURCE
-- 96616
Original cataloging agency VIVEKANANDA LIBRARY
041 ## - Language
-- English
082 ## - DDC NUMBER
Classification number 320 D536P
100 ## - MAIN ENTRY--PERSONAL NAME
Personal name Dhan Singh
245 #0 - TITLE STATEMENT
Title Punjab Congress Samajvadi Party ke Prem Bashin ka yogdan
300 ## - PHYSICAL DESCRIPTION
Pages 193 p.
942 ## - ADDED ENTRY ELEMENTS (KOHA)
Koha item type Thesis
Holdings
Withdrawn status Lost status Damaged status Not for loan Location (home branch) Sublocation or collection (holding branch) Shelving location Date acquired Koha issues (times borrowed) Koha full call number Accession No. Koha date last seen Koha item type
        VIVEKANANDA LIBRARY VIVEKANANDA LIBRARY Reference 22/08/2003   320 D536P 168400 17/09/2023 Thesis
© Designed and Maintained by Vivekananda Library, MDU Rohtak